Terrence Malick Filmography - Statistics

General Stats
  • This quiz has been taken 19 times
  • The average score is 18 of 63
Answer Stats
Type Year Name % Correct
Film Director 2011 The Tree of Life
100%
Film Screenplay 2011 The Tree of Life
100%
Film Director 1998 The Thin Red Line
93%
Film Screenplay 1998 The Thin Red Line
93%
Film Director 1973 Badlands
73%
Film Screenplay 1973 Badlands
73%
Film Production 1973 Badlands
73%
Film Cameo 1973 Badlands
73%
Film Director 1978 Days of Heaven
73%
Film Screenplay 1978 Days of Heaven
73%
Film Cameo 1978 Days of Heaven
73%
Film Director 2019 A Hidden Life
60%
Film Screenplay 2019 A Hidden Life
60%
Film Director 2015 Knight of Cups
60%
Film Screenplay 2015 Knight of Cups
60%
Film Director 2017 Song to Song
60%
Film Screenplay 2017 Song to Song
60%
Film Director 2005 The New World
60%
Film Screenplay 2005 The New World
60%
Film Director 2012 To the Wonder
47%
Film Screenplay 2012 To the Wonder
47%
Documentary Director 2016 Voyage of Time
40%
Film Director TBA The Way of the Wind
33%
Film Screenplay TBA The Way of the Wind
33%
Short Film Director 1969 Lanton Mills
13%
Short Film Screenplay 1969 Lanton Mills
13%
Short Film Acting Role 1969 Lanton Mills
13%
Documentary Production 2015 Almost Holy
7%
Film Production 2006 Amazing Grace
7%
Film Production 2018 Awaken
7%
Film Screenplay 2002 Bear's Kiss
7%
Film Screenplay 1972 Deadhead Miles
7%
Film Screenplay 1971 Dirty Harry
7%
Film Screenplay 1971 Drive, He Said
7%
Film Production 1998 Endurance
7%
Documentary Production 2019 Everybody's Everything
7%
Film Production TBA Halo of Stars
7%
Film Production 2000 Happy Times
7%
Documentary Production 2016 Look & See: A Portrait of Wendell Berry
7%
Film Screenplay 1972 Pocket Money
7%
Film Cameo 1972 Pocket Money
7%
Film Production 2013 Red Wing
7%
Film Production 2004 The Beautiful Country
7%
Film Production 2014 The Better Angels
7%
Film Production 2020 The Book of Vision
7%
Film Screenplay 1974 The Dion Brothers
7%
Film Production 2000 The Endurance
7%
Documentary Production 2015 The Seventh Fire
7%
Film Production 2017 The Spearhead Effect
7%
Documentary Production 2007 The Unforeseen
7%
Film Production 2016 The Vessel
7%
Short Film Director 2018 Together
7%
Film Production 2004 Undertow
7%
Documentary Director 2016 Voyage of Time: Life's Journey
7%
Documentary Production 2024 All Illusions Must Be Broken
0%
Film Production 2022 Evolver
0%
Commercial Director 2021 Ford
0%
Commercial Director 2018 Google Pixel 3
0%
Film Production TBA I Am Nothing
0%
Commercial Director 2022 Louis Vuitton
0%
Commercial Director 2017 Mon Guerlain
0%
Short Film Production 2018 Soldier
0%
Film Production TBA The Devil's Teeth
0%
No matching quizzes found
Score Distribution
Percent of People with Each Score
Percentile by Number Answered
Your Score History
You have not taken this quiz